| 000 | 01042nam a2200229Ia 4500 | ||
|---|---|---|---|
| 001 | 15962 | ||
| 003 | GE_BSU | ||
| 008 | 181216s||||||||xx |||||||||||||| ||und|| | ||
| 040 | _cGE_BSU | ||
| 080 | _a821.353.1-4 + 63(479.22)(092) | ||
| 100 | _aხუციშვილი, ი. | ||
| 245 | _aჩვენ არ გემშვიდობებით, ლევან! | ||
| 245 | _bკუბაში დაღუპული აგრონომი ლევან ქიქავა.დოკუმ. მოთხრობა. | ||
| 245 | _cრედ.ბ.მირცხულავა. მხატვ.ო.ჯიშკარიანი | ||
| 260 | _aთბილისი | ||
| 260 | _bსაბჭ. საქართველო | ||
| 260 | _c1965 | ||
| 300 | _a104გვ. : 12ფ. ილ. ; 17სმ | ||
| 653 | _aკუბაში დაღუპული აგრონომი ლევან ქიქავა | ||
| 653 | _aჩვენ არ გემშვიდობებით, ლევან! | ||
| 942 | _cBK | ||
| 999 |
_c49056 _d49056 |
||